| 000 | 005230000a22001810004500 | ||
|---|---|---|---|
| 003 | MACL | ||
| 005 | 20160331113249.0 | ||
| 008 | 160331b xxu||||| |||| 00| 0 eng d | ||
| 040 |
_aMACL _cMACL |
||
| 041 | _aHindi | ||
| 082 | _a300 | ||
| 100 |
_aरीता गुप्ता _949083 |
||
| 245 | _aमहिलाऍ और स्वरोजगार | ||
| 260 |
_aदिल्ली _bचेतना प्रकाशन _c2011 |
||
| 350 | _a300 | ||
| 650 |
_aSciology _917374 |
||
| 942 |
_cHIN _k300/GUP _2ddc |
||
| 999 |
_c46788 _d46788 |
||